| 000 | 00775nam a22002057a 4500 | ||
|---|---|---|---|
| 005 | 2010081302092.0 | ||
| 010 | _aENG-100207 | ||
| 020 |
_a9788172087302 _c38.00 |
||
| 035 | _aEN-83739 | ||
| 037 | _bDBAD/PUB | ||
| 082 | _a230.35 | ||
| 100 |
_aSai Baba _913799 |
||
| 245 |
_aSutra Vahini : _bstream of aphorisms on Brahman / _cby Sri Sathya Sai Baba |
||
| 260 |
_aPrasanthi Nilayam _bSri Sathya Sai Sadhana Trust _c2009 |
||
| 270 |
_aPrasanthi Nilayam , Andhra Pradesh _bAnantapur Disitrict, _e515134 |
||
| 300 |
_avii,118p. _c21cm (pbk) |
||
| 500 | _aIncludes index | ||
| 942 |
_2ddc _cEN _h230.35 _mSAI |
||
| 999 |
_c41552 _d41552 |
||